Environmentálne manažérstvo

Environmentálna politika. Prístupy k ochrane životného prostredia. Schéma Európskeho spoločenstva pre environmentálne manažérstvo a audit. Systém environmentálneho manažérstva.

Enregistré dans:
Détails bibliographiques
Auteur principal: Karkalíková, Marta
Format: Chapitre de livre
Langue:slovaque
Sujets:
Tags: Ajouter un tag
Pas de tags, Soyez le premier à ajouter un tag!

MARC

LEADER 00000naa a2200000 4500
001 0145765
005 20240502072630.5
041 0 |a slo 
044 |a SK 
245 1 0 |a Environmentálne manažérstvo  |c Marta Karkalíková 
520 |a Environmentálna politika. Prístupy k ochrane životného prostredia. Schéma Európskeho spoločenstva pre environmentálne manažérstvo a audit. Systém environmentálneho manažérstva. 
610 2 0 |a systémy environmentálne manažérske 
610 2 0 |a ochrana prostredia životného 
610 2 0 |a Európska únia 
610 2 0 |a podnik 
610 2 0 |a politika environmentálna 
100 1 |a Karkalíková, Marta